000 03343ncm0a2200445 4500
001 RU\NLR\ONIZ\297876
005 20260406164137.0
035 _a(NLR Aleph) 016370757
071 2 0 _a238
090 _a13181352
_c13181352
100 _a20230411d1864 |||y0rusy50 ca
101 0 _arus
102 _aRU
125 _aa|
128 _acfr
_acc
145 0 _au
200 1 _a29 причастных стихов, употребляемых при литургии на круглый год с показанием в какой день должен быть пет
_bНоты
_e[для смешанного хора с репетиционной партией фортепиано]
_fмузыка сочинения Н. Бахметева. Директора Придворной певческой капеллы
203 _aМузыка
_bзнаковая
_bвизуальная
_cнепосредственная
208 _a[Партитура]
210 _a[Санкт-Петербург]
_cгравировано и печатано в Литографии Ф. Стелловскаго
_d[1864]
215 _a[4], 3, 81 c.
_d31 см
300 _aПредисл. авт.: с. [3].
300 _aОглавление: с. 1-3.
313 _aСистематизация документа проведена по изданию - Методика классифицирования музыкальных произведений (нотных изданий) по таблицам Библиотечно-библиографических классификаций : метод. рекомендации / Гос. б-ка СССР им. В.И. Ленина.- М., 1977. Индексу ББК методических рекомендаций присваивается код ББК для научных библиотек - LBC/SL
316 _6b03899
_5NLR
_aТвердый цельный переплет с тиснением на крышках, покрывной материал - кожа. Дублюры с золотым тиснением, форзац и нахзац - муаровый шелк. Обрез позолоченный.
317 _6b03899
_5NLR
_aНа верхней крышке переплета золотым тиснением: Его императорскому величеству государю императору Александру Николаевичу 29 причастных стихов на круглый год от верноподданнаго Н. Бахметева
606 1 _aЦерковная музыка русская
_z19 в.
_jНоты
_2nlr_sh
606 1 _aЛитургические песнопения православные
_yРоссия
_z19 в.
_jНоты
_2nlr_sh
686 0 _aЩ99(28)
700 1 _9z05790
_aБахметев
_bН. И.
_f1807-1891
_gНиколай Иванович
_4230
_7ca
703 0 _4390
_8rus
_7ca
_aАлександр
_cимператор российский
_dII
_f1818-1881
_3RU\NLR\AUTH\7710521
_9120289
790 1 _9z05700
_aBachmetev
_bN. I.
_f1807-1891
_gNikolaj Ivanovič
_4230
_7ba
801 0 _aRU
_bNLR
_c20230411
_gPSBO
801 1 _aRU
_bNLR
_c20230411
_2rusmarc
801 2 _aRU
_bNLR
_c20230515
852 _6b03316
_6b03317
_aNLR
_bМ
_j8.1.132
_p217468
_t1
942 _cSCORE
980 _aNB
980 _aONIZ